Science Quiz

Random Science or Math Quiz

Quick Math Challenge IV Quiz Stats

 Plays Quiz Updated Oct 17, 2012

Challenge
Share
Tweet
Embed
Score 0/27 Timer 02:00
0 Plays Today
Steps % Correct
x 742
99.1%
Halve it21
98.7%
66
98.5%
- 138
98.3%
x by itself64
97.7%
3/4 of this48
92.2%
÷ 86
91.9%
x 318
91.7%
2727
90%
Triple it = Answer54
89.7%
2/3 of this18
89%
x 8144
83.7%
÷ 624
80.6%
Triple it72
79%
Steps % Correct
÷ 89
78.1%
x by itself81
77.4%
- 2556
74.5%
112112
69.4%
5/7 of this = Answer40
66.6%
÷ 716
63.3%
x by itself256
47.9%
Triple it768
41.3%
75% of this576
22.9%
Halve it288
20%
- 132156
18.2%
7/13 of this84
14.1%
x 3.5 = Answer294
9.8%

You're not logged in!

Compare scores with friends on all Sporcle quizzes.
OR
Log In

You Might Also Like...

Show Comments

Extras

Top Quizzes Today


Score Distribution

Your Account Isn't Verified!

In order to create a playlist on Sporcle, you need to verify the email address you used during registration. Go to your Sporcle Settings to finish the process.

Report this User

Report this user for behavior that violates our Community Guidelines.

Details: